00794nam a2200205 i 4500001000700000003000900007005001700016008004100033040002000074080001000094100002600104245013300130260006200263300003000325530003500355650001800390650002400408852006700432856008900499160582ES-MaACL20230906212059.0040928s1884 sp a |||| | spa d aCAM bspa cCAM a634.11 aNavarro Soler, Diego.10aArboles frutales b: cultivo en macetas de los enanos y miniaturas, ó El huerto en los balcones / cpor Diego Navarro y Soler. aMadrid : b[s.n.], c1884 (fEstab. Tip. de P. Núñez) a304 p. : bil. ; c18 cm. aDisponible en formato digital. 4aFruticultura. 4aCultivo en macetas. aES-MaACLjG-7871 z. - Enc. hol., conservando la cub. original uhttp://bdh-rd.bne.es/viewer.vm?id=0000114580&page=1 zBiblioteca Digital Hispánica